Bozeman Yellowstone Int. Airport Destinations (Bozeman, MT, USA) - Statistics

General Stats
  • This quiz has been taken 121 times
    22 since last reset
  • The average score is 24 of 27
Answer Stats
Airline Destination % Correct
Southwest Airlines Chicago (Midway)
100%
American Airlines/American Eagle/United Airlines/United Express Chicago (O'Hare)
100%
Southwest Airlines/United Airlines/United Express Denver
100%
Alaska Airlines/United Airlines/United Express San Francisco
100%
American Airlines Dallas/Fort Worth
95%
Southwest Airlines Dallas (Love)
95%
United Airlines Houston (Intercontinental)
95%
American Eagle/Delta Connection/United Airlines/United Express Los Angeles
95%
JetBlue New York (JFK)
95%
American Airlines/Delta Air Lines New York (LaGuardia)
95%
Alaska Airlines/Delta Connection Seattle/Tacoma
95%
United Airlines Washington (Dulles)
95%
Delta Air Lines Atlanta
89%
American Airlines Charlotte
89%
Allegiant Air/Southwest Airlines Las Vegas
89%
Delta Air Lines/Sun Country Airlines Minneapolis/St. Paul
89%
United Airlines Newark
89%
Allegiant Air Phoenix/Mesa
89%
American Eagle Phoenix (Sky Harbor)
89%
Alaska Airlines Portland (OR)
89%
Delta Air Lines/JetBlue Boston
84%
Delta Air Lines Detroit
84%
Alaska Airlines/Southwest Airlines San Diego
84%
Delta Connection Austin
79%
Delta Air Lines/Delta Connection Salt Lake City
79%
Alaska Airlines Boise
74%
Allegiant Air/Southwest Airlines Nashville
74%
No matching quizzes found
Score Distribution
Percent of People with Each Score
Percentile by Number Answered
Your Score History
You have not taken this quiz since the last reset